Hermaphroditism in the rubber tree Hevea brasiliensis (Willd. ex Adr. de Juss.) Muell. Arg. (Record no. 60280)

MARC details
000 -LEADER
fixed length control field 00415nam a2200145Ia 4500
100 ## - MAIN ENTRY--AUTHOR NAME
Personal name Cuco S M
245 #0 - TITLE STATEMENT
Title Hermaphroditism in the rubber tree Hevea brasiliensis (Willd. ex Adr. de Juss.) Muell. Arg.
260 ## - PUBLICATION, DISTRIBUTION, ETC. (IMPRINT)
Name of publisher Revista Brasieira de Genetica
Year of publication 1994
300 ## - PHYSICAL DESCRIPTION
Number of Pages 413-415
500 ## - GENERAL NOTE
General note Source Year: 1995
700 ## - ADDED ENTRY--PERSONAL NAME
Personal name Bandel G
856 ## - ELECTRONIC LOCATION AND ACCESS
Uniform Resource Identifier PBA
942 ## - ADDED ENTRY ELEMENTS (KOHA)
Koha item type Journals
Holdings
Withdrawn status Lost status Damaged status Not for loan Home library Current library Shelving location Date acquired Serial Enumeration / chronology Koha item type
      Journals RRII Library RRII Library Botany 18/10/1995 Volume 17, Issue 4 Journals